000 00760nam a2200253 4500
001 45344
010 _a9789722029421
021 _b301024/09
090 _a45344
100 _a20110314d2009 c y0pory5003 ba
101 0 _apor
102 _aPT
200 1 _aA girafa que comia estrelas
_fJosé Eduardo Agualusa
_gil. Henrique Cayatte
_grev. Fernanda Abreu
205 _a8.ª ed.
210 9 _aLisboa
_cPublicações Dom Quixote,
_d2009
215 _a[26] p.
_cil.
_d24 cm
675 _a087.5
_vBN
_zpor
675 _a821.134.3(673)-93"19/20"
_vBN
_zpor
675 _a821.134.3(673)-34"19/20"
_vBN
_zpor
700 1 _aAgualusa,
_bJosé Eduardo,
_f1960-
702 1 _aCayatte,
_bHenrique,
_f1957-
_4440
702 1 _aAbreu,
_bFernanda
_4675
801 0 _aPT
_bBN
_gRPC
990 _cLIVROS